| 000 | 00902nam a2200253Ia 4500 | ||
|---|---|---|---|
| 003 | OSt | ||
| 005 | 20221005111706.0 | ||
| 006 | a|||||r|||| 00| 0 | ||
| 007 | ta | ||
| 008 | 221004b |||||||| |||| 00| 0 hin d | ||
| 024 | _a107999 | ||
| 037 | _cTextual | ||
| 040 |
_aCRL _cCRL _bhin |
||
| 041 |
_2hin _ahin |
||
| 082 | _aO152,3N05x, J7;K3 | ||
| 100 | _aजैनेन्द्रकुमार | ||
| 245 | 0 | _aजैनेन्द्र की श्रेष्ठ कहानियॉं | |
| 246 | _aJainendra kī shreṣhṭha kahāniyaॉan | ||
| 260 |
_aबम्बई _bहिन्दी - ग्रन्थ - रत्नाकर भारत _c1963 |
||
| 300 |
_a207पृ0 _ccm. |
||
| 650 | _aहिन्दी साहित्य | ||
| 942 |
_hO152,3N05x, J7;K3 _cTEXL _2cc |
||
| 999 |
_c1022604 _d1022604 |
||